000 00437nam a22001217a 4500
082 _a200 THE
100 _aNazish Rafique
_969868
245 _aTH-SOF-1312-Security Framework for Black Hole Attack Prevention Using Trust Management and Fuzzy Logic Analyzer in VANETs
260 _aIslamabad
_bNUST College of EME
_c2016
650 _aMS-CSE-13 MSTHESIS
_969839
700 _aSupervisor Dr. Muazzam Ali Khan Khattak
_969869
942 _cCF
999 _c576959
_d576959